000
00251nam a2200097Ia 4500
001
1207423
005
20250827022825.0
008
250824s9999 xx 000 0 und d
245
0
_a
DÜŞÜN VE BAŞAR
_c
MUHAMMED BOZDAĞ
260
_b
YEDİVEREN YAYINLARI
999
_c
1207423
_d
1207423